Central Library OPAC University of Rajshahi

Photometric and fluorometric methods of analysis, nonmetals / (Record no. 10371)

MARC details
000 -LEADER
fixed length control field 00879pam a2200289 i 4500
001 - CONTROL NUMBER
control field 10371
003 - CONTROL NUMBER IDENTIFIER
rucl marc code BD-RjUL
005 - DATE AND TIME OF LATEST TRANSACTION
control field 20211208234937.0
008 - FIXED-LENGTH DATA ELEMENTS--GENERAL INFORMATION
fixed length control field 140123s1981 nyua b 001 0 eng
020 ## - INTERNATIONAL STANDARD BOOK NUMBER
International Standard Book Number 0471810231
035 ## - SYSTEM CONTROL NUMBER
System control number (BD-RjUL)10419
040 ## - CATALOGING SOURCE
Original cataloging agency DLC
Transcribing agency DLC
Modifying agency DLC
-- BD-RjUL
Language of cataloging eng
041 ## - LANGUAGE CODE
Language code of text/sound track or separate title eng
082 00 - DEWEY DECIMAL CLASSIFICATION NUMBER
Classification number 546.7
Edition number 19
Author mark and year SNP 1981
100 1# - MAIN ENTRY--PERSONAL NAME
Personal name Snell, Foster Dee,
Dates associated with a name 1898-
9 (RLIN) 32065
245 10 - TITLE STATEMENT
Title Photometric and fluorometric methods of analysis, nonmetals /
Statement of responsibility, etc. by Foster Dee Snell.
260 ## - PUBLICATION, DISTRIBUTION, ETC. (IMPRINT)
Place of publication, distribution, etc. New York :
Name of publisher, distributor, etc. Wiley,
Date of publication, distribution, etc. c1981.
300 ## - PHYSICAL DESCRIPTION
Pagination xii, 818 p. :
Illustrations ill. ;
Size 26 cm.
500 ## - GENERAL NOTE
General note "A Wiley-Interscience publication."
504 ## - BIBLIOGRAPHY, ETC. NOTE
Bibliography, etc Includes bibliographical references and index.
650 #0 - SUBJECT ADDED ENTRY--TOPICAL TERM
Topical term or geographic name as entry element Nonmetals
General subdivision Analysis.
9 (RLIN) 32066
Topical term or geographic name as entry element Photometry.
9 (RLIN) 31384
Topical term or geographic name as entry element Fluorimetry.
9 (RLIN) 32067
942 ## - ADDED ENTRY ELEMENTS (KOHA)
Source of classification or shelving scheme Dewey Decimal Classification
Koha item type Books
Holdings
Lost status Source of classification or shelving scheme Damaged status Not for loan Collection code Permanent Location Current Location Shelving location Date acquired Source of acquisition Total Checkouts Full call number Date last seen Copy number Koha item type
  Dewey Decimal Classification   Not For Loan Non-fiction Central Library, University of Rajshahi Central Library, University of Rajshahi Reading Room 03/04/1985 Asia foundation   546.7 SNP 1981 23/01/2014 C-1 Books